Flagge des Landes laut Sun - Statistiken

Allgemein
  • Dieses Quiz wurde 327 mal gespielt
  • Das Durchschnittsergebnis liegt bei 12 aus 17
Antwortstatistiken
Bildquiz Antwort % Korrekt
Nordmazedonien
99%
Japan
98%
Argentinien
96%
Bangladesch
94%
Kasachstan
92%
Uruguay
87%
Kirgisistan
84%
Philippinen
83%
Antigua und Barbuda
75%
Kiribati
75%
Malawi
64%
Niger
62%
Taiwan
55%
Nepal
47%
Namibia
24%
Ruanda
23%
Ecuador
6%
Keine übereinstimmenden Quizze gefunden
Verteilung der Resultate
Anzahl Personen mit jedem Resultat
Perzentil nach korrekt beantworteten Fragen
Ihre Resultats-Entwicklung
Sie haben dieses Quiz noch nicht gespielt